Fotoperiodismo y República : prensa y reporteros gráficos : 1931-1939 /

Gespeichert in:
Bibliographische Detailangaben
1. Verfasser: Sánchez Vigil, Juan Miguel (autor)
Format: Buch
Sprache:Spanisch
Veröffentlicht: Madrid, España : Cátedra, 2014, c2014
Schriftenreihe:(Signo e Imagen ; 153)
Schlagworte:
Tags: Tag hinzufügen
Keine Tags, Fügen Sie das erste Tag hinzu!

MARC

LEADER 00000nam^a2200000^a^4500
001 000432366
005 20250521000000.0
009 20260310123013.342
020 |a 978-84-376-3234-6 
037 |a Acervo ITESO - Biblioteca 
041 |a ESP 
082 |a 946. 081  |b SAN 
100 |a Sánchez Vigil, Juan Miguel  |e (autor) 
245 1 0 |a Fotoperiodismo y República :  |b prensa y reporteros gráficos : 1931-1939 /  |c J.M. Sánchez Vigil, M. Olivera Zaldua. 
246 2 |a Título en la cubierta: Fotoperiodismo y República 
264 4 |a Madrid, España :  |b Cátedra,  |c 2014, c2014 
300 |a 460 p. 
336 |a texto  |b txt  |2 rdacontenido 
337 |a sin mediación  |b n  |2 rdamedio 
338 |a volumen  |b nc  |2 rdasoporte 
440 1 |a (Signo e Imagen ;  |v 153) 
649 |a XX 
650 |a Fotoperiodismo -  |z España -  |x Historia y Crítica -  |x Tema Principal 
650 |a Fotografía y Sociedad -  |z España -  |x Historia y Crítica 
650 |a Fotografía Española -  |x Historia y Crítica 
650 |a Fotografía Española -  |y Siglo XX 
650 |a Fotografía -  |x Historia y Crítica 
650 |a Fotografía -  |y Siglo XX 
650 |a Periodismo Gráfico -  |z España -  |x Historia -  |y República, 1931-1939 
650 |a Periodismo Gráfico -  |z España -  |x Historia -  |y Siglo XX 
650 |a Medios Impresos -  |z España -  |x Historia -  |y República, 1931-1939 
650 |a Medios Impresos -  |z España -  |x Historia -  |y Siglo XX 
650 |a Comunicación Visual -  |z España -  |x Historia -  |y República, 1931-1939 
650 |a Comunicación Visual -  |z España -  |x Historia -  |y Siglo XX 
650 |a Comunicación Masiva -  |z España -  |x Historia -  |y República, 1931-1939 
650 |a Comunicación Masiva -  |z España -  |x Historia -  |y Siglo XX 
650 |a Arte y Política -  |z España -  |x Historia y Crítica 
650 |a Arte y Sociedad -  |z España -  |x Historia y Crítica 
650 |a Arte Español -  |x Historia y Crítica 
650 |a Arte Español -  |y Siglo XX 
650 |a Arte -  |x Historia y Crítica 
650 |a Arte -  |y Siglo XX 
650 |a Política -  |z España -  |x Historia -  |y Guerra Civil, 1936-1939 
650 |a Política -  |z España -  |x Historia -  |y República, 1931-1939 
650 |a Política -  |z España -  |x Historia -  |y Siglo XX 
650 |a España -  |x Fotografías 
650 |a España -  |x Historia -  |y Guerra Civil, 1936-1939 
650 |a España -  |x Historia -  |y República, 1931-1939 -  |x Fotografías -  |x Tema Principal 
650 |a España -  |x Historia -  |y Siglo XX 
650 |a Historia Moderna -  |y 1930-1939 
650 |a Historia Moderna -  |y Siglo XX 
910 |a Fondo General 
920 |a Impresos - Libros 
930 |a Colección General 
905 |a 101 
901 |a 0500353364  |b IT1  |c ACC  |i C175612  |u 20250521 
902 |a https://opac.biblio.iteso.mx/vufind/Record/000432366